Rabi'a: (Record no. 216082)

MARC details
000 -LEADER
fixed length control field 00541nam a2200193 4500
005 - DATE AND TIME OF LATEST TRANSACTION
control field 20260507105021.0
010 ## - LCCN (DPL NO)
LC control number ENG-148385
020 ## - INTERNATIONAL STANDARD BOOK NUMBER
Terms of availability 250.00
International Standard Book Number 9789389810561
035 ## - SYSTEM CONTROL NUMBER
System control number EN-131917
037 ## - SOURCE OF ACQUISITION
Source of stock number/acquisition DBAD
082 ## - DEWEY DECIMAL CLASSIFICATION NUMBER
Classification number 239
100 ## - MAIN ENTRY--PERSONAL NAME
Personal name Beas, Radha Soami Satsang
245 ## - TITLE STATEMENT
Title Rabi'a:
Remainder of title The Women Who Must Be Heard/
Statement of responsibility, etc Radha Soami Satsang Beas
250 ## - EDITION STATEMENT
Edition statement 1
260 ## - PUBLICATION, DISTRIBUTION, ETC. (IMPRINT)
Name of publisher, distributor, etc D.K. Sikri
Place of publication, distribution, etc Punjab
Date of publication, distribution, etc 2024
270 ## - ADDRESS
Address Dera Baba Jaimal Singh
City Punjab
Postal code 143204
300 ## - PHYSICAL DESCRIPTION
Extent 190p.
Dimensions 22cm(pb)
942 ## - ADDED ENTRY ELEMENTS (KOHA)
Source of classification or shelving scheme Dewey Decimal Classification
Item type English Books
Classification part 239
Call number suffix RAB
Holdings
Withdrawn status Lost status Not for loan Collection code Home library Current library Date acquired Source of acquisition Cost, normal purchase price Full call number Barcode Copy number Cost, replacement price Koha item type
    Not For Loan Non-fiction D.B.Act.Division D.B.Act.Division 07/05/2026 Delivery of Books Act Division 250.00 239 RAB EN-131917 1 250.00 English Books

© Delhi Public Library
Hit Counter
free hit counter